| 000 | 00737nam a2200217 a 4500 | ||
|---|---|---|---|
| 005 | 20230608064015.0 | ||
| 008 | 100118s20002006mx r 000 0 spa d | ||
| 020 | _a9879191757 (10 dígitos) | ||
| 020 | _a9789879191750 (13 dígitos) | ||
| 035 | _aUPN01000174294 | ||
| 049 | _aCG | ||
| 050 | 4 |
_aD16.2 _bS9.3 |
|
| 100 | 1 |
_aSvarzman, José H. _930958 |
|
| 245 | 1 | 0 |
_aEnseñar la historia en el segundo ciclo : _bherramientas para el trabajo en el aula / _cJosé Svarzman. |
| 260 |
_aBuenos Aires : _bNovedades Educativas, _c2000 (2006 impr.). |
||
| 300 |
_a84 p. : _bil. |
||
| 440 | 0 | _aCiencias sociales | |
| 650 | 4 |
_aHistoria _xEstudio y enseñanza _96447 |
|
| 650 | 4 |
_aCiencias sociales _xEstudio y enseñanza _96678 |
|
| 905 | _aLibro | ||
| 999 |
_c146398 _d146398 |
||